[Event "AUTO-INT-775"]
[Site "http://www.queenalice.com/game.php?id=346708"]
[Date "2008.2.1"]
[Round "1"]
[White "russanow1"]
[Black "Mateusao_99"]
[Result "1-0"]
[WhiteElo "1476"]
[BlackElo "1538"]

1. e4 e5 2. Nf3 f6 3. d4 exd4 4. Nxd4 Nc6 5. c3 Nxd4 6. cxd4 f5 7. e5 d5 8. f4
Qh4+ 9. g3 Qd8 10. Nc3 Be6 11. a3 Ne7 12. b4 Ng6 13. h4 h5 14. Qd3 c6 15. b5
cxb5 16. Qxb5+ Qd7 17. a4 Qxb5 18. Nxb5 Bb4+ 19. Bd2 Bxd2+ 20. Kxd2 Kd7 21. Nd6
b6 22. Rc1 Ne7 23. Bb5+ Nc6 24. Rxc6 1-0

[Event "AUTO-INT-775"]
[Site "http://www.queenalice.com/game.php?id=346725"]
[Date "2008.2.1"]
[Round "1"]
[White "russanow1"]
[Black "MagnoBaiao"]
[Result "0-1"]
[WhiteElo "1522"]
[BlackElo "1714"]

1. e4 e5 2. Nf3 Nc6 3. d3 Nf6 4. Nc3 Bc5 5. Be3 Qe7 6. Bxc5 Qxc5 7. Qd2 d5 8.
exd5 Nxd5 9. Nxd5 Qxd5 10. c4 Qe6 11. Qc3 Nd4 12. Nxd4 exd4+ 13. Be2 dxc3 14.
bxc3 Qf6 15. Rc1 O-O 16. O-O Qg6 17. g4 Bxg4 18. Bxg4 Qxg4+ 19. Kh1 Qf3+ 20. Kg1
Qxd3 21. Rfd1 Qxc4 22. a3 Rfe8 23. f4 Re2 24. h4 Qxf4 0-1

[Event "AUTO-INT-775"]
[Site "http://www.queenalice.com/game.php?id=346726"]
[Date "2008.2.1"]
[Round "1"]
[White "MagnoBaiao"]
[Black "russanow1"]
[Result "0-1"]
[WhiteElo "1775"]
[BlackElo "1495"]

1. e4 e5 2. Nf3 Nc6 3. Nc3 Nf6 4. Bb5 d5 5. exd5 Nxd5 6. Bxc6+ bxc6 7. Nxe5 f6
8. Nxc6 Qd7 9. Qh5+ g6 10. Qxd5 Qxd5 11. Nxd5 Bd6 12. Nxf6+ Kf7 13. Nd5 Bb7 14.
Ncb4 Bxb4 15. Nxb4 Bxg2 16. Rg1 Rae8+ 17. Kd1 Bf3# 0-1

[Event "AUTO-INT-775"]
[Site "http://www.queenalice.com/game.php?id=346727"]
[Date "2008.2.1"]
[Round "1"]
[White "russanow1"]
[Black "tiagoaeon"]
[Result "0-1"]
[WhiteElo "1468"]
[BlackElo "1675"]

1. e4 d5 2. e5 Nc6 3. d4 Bf5 4. f4 e6 5. Nc3 Bb4 6. a3 Bxc3+ 7. Bd2 Bxb2 8. Ra2
Bxd4 9. Nf3 Nge7 10. Nxd4 Nxd4 11. c3 Nc2+ 12. Rxc2 Bxc2 13. Qxc2 O-O 14. g3 d4
15. c4 Nf5 16. c5 Ne3 17. Bxe3 dxe3 18. Ke2 Qd4 19. Qd3 Qxc5 20. Qxe3 Qc2+ 21.
Qd2 Qe4+ 22. Kf2 Rfd8 23. Qb2 Qxh1 24. a4 Rd1 25. Qxb7 Qxf1+ 26. Ke3 Re1+ 27.
Kd4 Rd8+ 28. Kc5 Qf2+ 29. Kc6 Qc2+ 30. Kb5 Rb1+ 31. Ka5 Rxb7 0-1

[Event "AUTO-INT-775"]
[Site "http://www.queenalice.com/game.php?id=346728"]
[Date "2008.2.1"]
[Round "1"]
[White "tiagoaeon"]
[Black "russanow1"]
[Result "1-0"]
[WhiteElo "1678"]
[BlackElo "1505"]

1. e4 e5 2. Nf3 Nc6 3. Nc3 Nf6 4. d4 d6 5. d5 Na5 6. Bb5+ c6 7. dxc6 bxc6 8. Ba4
Bd7 9. Be3 a6 10. O-O Qb6 11. Bxb6 Rb8 12. Bxa5 Rxb2 13. Rb1 Rxb1 14. Qxb1 Ke7
15. Qb8 h6 16. Qd8+ Ke6 17. Bb3+ d5 18. exd5+ Kd6 19. Bb4+ c5 20. Qb6+ Ke7 21.
Bxc5+ Ke8 22. Qb8+ Bc8 23. Qxc8# 1-0

[Event "AUTO-INT-791"]
[Site "http://www.queenalice.com/game.php?id=353273"]
[Date "2008.2.12"]
[Round "1"]
[White "caraumar"]
[Black "russanow1"]
[Result "1-0"]
[WhiteElo "1668"]
[BlackElo "1436"]

1. d4 d5 2. e3 Nc6 3. a3 e5 4. c4 e4 5. Nc3 Nf6 6. cxd5 Nxd5 7. Nxe4 f5 8. Nc5
Bxc5 9. dxc5 g6 10. Bc4 Be6 11. Nf3 Qf6 12. Bxd5 Bxd5 13. Qxd5 Rd8 14. Qc4 a6
15. O-O b5 16. Qc3 Qxc3 17. bxc3 a5 18. Rb1 Rb8 19. Nd4 Na7 20. h4 h5 21. g3 a4
22. Ne6 c6 23. Bb2 Rb7 24. c4 Rg8 25. Rfd1 Rd7 26. Rxd7 Kxd7 27. Ng5 Ke7 28. Bd4
Rd8 29. Nh7 Ke8 30. Ng5 bxc4 31. Rb7 Nb5 32. Kf1 c3 33. Ke1 Nxd4 34. exd4 Rxd4
35. Rb1 Rc4 36. Ne6 Kd7 37. Nf4 c2 38. Rc1 g5 39. Ng2 g4 40. Ne3 f4 41. Nxc4 f3
42. Rxc2 Kc7 43. Rb2 1-0

[Event "AUTO-INT-791"]
[Site "http://www.queenalice.com/game.php?id=353274"]
[Date "2008.2.12"]
[Round "1"]
[White "russanow1"]
[Black "caraumar"]
[Result "0-1"]
[WhiteElo "1443"]
[BlackElo "1661"]

1. e4 e6 2. e5 d5 3. d4 a6 4. Nf3 h6 5. c3 c5 6. Be3 c4 7. b4 b5 8. a4 Bb7 9. a5
Nc6 10. Be2 Nge7 11. O-O Nf5 12. g3 g5 13. g4 Nh4 14. Nxh4 gxh4 15. h3 Qe7 16.
f4 O-O-O 17. f5 exf5 18. gxf5 Rg8+ 19. Kh2 f6 20. e6 Qd6+ 21. Bf4 Ne5 22. Qe1
Rg5 23. Bxe5 fxe5 24. Rg1 exd4+ 25. Kh1 dxc3 26. Rxg5 hxg5 27. Nxc3 d4+ 28. Kg1
dxc3 29. Qxc3 Qd5 30. Kf1 Qxf5+ 31. Ke1 Qxe6 32. Ra2 Bg2 33. Qa3 Bxh3 34. Kf2
Qf5+ 35. Bf3 g4 36. Qe3 gxf3 37. Qxf3 Qxf3+ 38. Kxf3 Rd3+ 39. Ke2 Bg4+ 40. Ke1
Bxb4+ 41. Kf1 h3 0-1

[Event "AUTO-INT-791"]
[Site "http://www.queenalice.com/game.php?id=353289"]
[Date "2008.2.12"]
[Round "1"]
[White "JesterMike"]
[Black "russanow1"]
[Result "1-0"]
[WhiteElo "1531"]
[BlackElo "1482"]

1. e4 e5 2. Bc4 Nc6 3. Qf3 Nf6 4. d3 Nd4 5. Qd1 c5 6. Nc3 d6 7. Bg5 Qa5 8. Ne2
Nxe2 9. Qxe2 Qb4 10. Rb1 h6 11. Be3 a6 12. O-O Be6 13. Nd5 Bxd5 14. exd5 Qa4 15.
g3 h5 16. Ra1 Qb4 17. Rab1 Qa4 18. Bb3 Qb5 19. Qd1 Ng4 20. c3 g6 21. Ba4 Qxa4
22. Qxa4+ Ke7 23. Bg5+ f6 24. Be3 Nxe3 25. fxe3 Bh6 26. Rf3 f5 27. Qb3 b5 28.
Kg2 e4 29. dxe4 fxe4 30. Rff1 Bxe3 31. Rbe1 Bh6 32. Rxe4+ Kd7 33. c4 Rab8 34.
cxb5 axb5 35. Rf6 c4 36. Qb4 Rb6 37. Ree6 Bf8 38. Rf7+ Kd8 39. Qa5 c3 40. Qa8+
1-0

[Event "AUTO-INT-791"]
[Site "http://www.queenalice.com/game.php?id=353290"]
[Date "2008.2.12"]
[Round "1"]
[White "russanow1"]
[Black "JesterMike"]
[Result "0-1"]
[WhiteElo "1497"]
[BlackElo "1518"]

1. e4 e5 2. Nf3 Bd6 3. d4 exd4 4. Nxd4 Qe7 5. f3 Be5 6. c3 Nc6 7. Na3 b6 8. Nab5
a6 9. Na3 Nf6 10. g4 Nxd4 11. cxd4 Qb4+ 12. Qd2 Qxd4 13. Qxd4 Bxd4 14. Nc2 Be5
15. Be3 Bxb2 16. Rd1 Bb7 17. h4 O-O 18. g5 Nh5 19. Rxd7 Ng3 20. Rg1 Bc3+ 21. Bd2
Bxd2+ 22. Kxd2 Rad8 23. Rxd8 Rxd8+ 24. Bd3 Nh5 25. Rg4 c5 26. Kc3 b5 27. a3 c4
28. Be2 Bc8 29. Rg1 Nf4 30. Re1 Nxe2+ 31. Rxe2 Rd3+ 32. Kb4 Rxf3 0-1

[Event "AUTO-INT-791"]
[Site "http://www.queenalice.com/game.php?id=353299"]
[Date "2008.2.12"]
[Round "1"]
[White "Tlaloc2k"]
[Black "russanow1"]
[Result "1-0"]
[WhiteElo "1461"]
[BlackElo "1505"]

1. e4 e5 2. Qf3 Nc6 3. Bc4 Nf6 4. Ne2 d6 5. d3 Bg4 6. Qe3 Bxe2 7. Qxe2 d5 8.
exd5 Nxd5 9. O-O f6 10. Bxd5 Qxd5 11. c4 Nd4 12. Qe4 Qxe4 13. dxe4 O-O-O 14. Nc3
c6 15. Bd2 Ne2+ 16. Nxe2 c5 17. Be3 b6 18. Nc3 a6 19. Nd5 Kb7 20. Rfd1 Rd6 21.
a3 h5 22. b4 cxb4 23. Nxb4 Rxd1+ 24. Rxd1 Bxb4 25. axb4 g5 26. Rd6 Rf8 27. Rxb6+
Kc7 28. Rxa6 h4 29. Bb6+ Kb7 30. b5 f5 31. c5 f4 32. Ra7+ Kb8 33. c6 Rc8 34. Rg7
Re8 35. Rxg5 Rd8 36. Bxd8 1-0

[Event "AUTO-INT-791"]
[Site "http://www.queenalice.com/game.php?id=353300"]
[Date "2008.2.12"]
[Round "1"]
[White "russanow1"]
[Black "Tlaloc2k"]
[Result "1-0"]
[WhiteElo "1479"]
[BlackElo "1522"]

1. e4 d6 2. d4 c6 3. Nf3 e6 4. Nc3 h6 5. g3 Nd7 6. h4 b5 7. e5 dxe5 8. Nxe5 Nxe5
9. Qe2 Qxd4 10. Be3 Qd7 11. b3 Bb4 12. Bd2 Bd6 13. f4 Bb7 14. fxe5 c5 15. Qxb5
Bxh1 16. Qxd7+ Kxd7 17. exd6 Kxd6 18. Nb5+ Kc6 19. c4 a6 20. Nc3 Nf6 21. Be2 Bg2
22. Kf2 Bh3 23. a4 Rad8 24. Ra2 Bf5 25. Ke3 g5 26. a5 Bg4 27. Bxg4 Nxg4+ 28. Ke2
Ne5 29. h5 g4 30. Ne4 Rd3 31. Kf2 Rf3+ 32. Kg2 Rxb3 33. Bc3 f6 34. Rf2 f5 35.
Bxe5 Rd8 36. Nf6 Re3 37. Bf4 Ra3 38. Bxh6 Rxa5 39. Bf4 Ra4 40. Rc2 Rd4 41. h6
Raxc4 42. Rxc4 Rxc4 43. h7 Rc2+ 44. Kg1 1-0

[Event "AUTO-INT-678"]
[Site "http://www.queenalice.com/game.php?id=374678"]
[Date "2008.3.21"]
[Round "2"]
[White "Enrico"]
[Black "russanow1"]
[Result "1-0"]
[WhiteElo "1905"]
[BlackElo "1441"]

1. e4 e5 2. Nf3 Nc6 3. Bb5 a6 4. Bxc6 dxc6 5. d3 c5 6. Nc3 c6 7. Nxe5 Qd4 8. Nf3
Bg4 9. Be3 Bxf3 10. Qxf3 f6 11. Bxd4 cxd4 12. Ne2 c5 13. e5 fxe5 14. Qxb7 Rd8
15. Qc6+ Rd7 16. Qxa6 Nf6 17. Ng3 g6 18. Qxf6 Rg8 19. Ne4 c4 20. Qxe5+ Re7 21.
Qxd4 Bg7 22. Qxc4 Rf8 23. O-O-O h5 24. Rhe1 Bh6+ 25. Kb1 Kd7 26. Nc5+ Ke8 27.
Rxe7+ Kxe7 28. Re1+ Kf6 29. Nd7+ Kf5 30. Re5# 1-0

[Event "AUTO-INT-678"]
[Site "http://www.queenalice.com/game.php?id=374679"]
[Date "2008.3.21"]
[Round "2"]
[White "russanow1"]
[Black "Enrico"]
[Result "0-1"]
[WhiteElo "1439"]
[BlackElo "1907"]

1. e4 e5 2. Nf3 Nc6 3. d4 exd4 4. Nxd4 Nxd4 5. Qxd4 d6 6. b4 Qf6 7. c3 Be7 8. f3
Qxd4 9. cxd4 Bf6 10. Be3 Ne7 11. g3 c5 12. dxc5 Bxa1 13. cxd6 Nc6 14. a3 Be5 15.
f4 Bxd6 16. e5 Be7 17. Nc3 f6 18. Nd5 Bd8 19. b5 Ba5+ 20. Kf2 Ne7 21. Nxe7 Kxe7
22. exf6+ gxf6 23. a4 Bf5 24. Kf3 Rhe8 25. Bc5+ Kf7 26. Bc4+ Kg7 27. g4 Be4+ 28.
Kg3 Bxh1 29. g5 fxg5 30. fxg5 Bc7+ 31. Kg4 Re4+ 0-1

[Event "Challenge"]
[Site "http://www.queenalice.com/game.php?id=383654"]
[Date "2008.4.7"]
[Round "-"]
[White "rdaigle2003"]
[Black "russanow1"]
[Result "1-0"]
[WhiteElo "1615"]
[BlackElo "1494"]

1. e4 e5 2. Nf3 Nc6 3. Bb5 f6 4. Bxc6 dxc6 5. Nxe5 fxe5 6. Qh5+ g6 7. Qxe5+ Kf7
8. Qxh8 Nf6 9. e5 Nd5 10. Qxh7+ Ke8 11. Qxg6+ Ke7 12. d3 Qe8 13. Qxe8+ Kxe8 14.
Bf4 Nxf4 15. O-O b6 16. Nc3 Ba6 17. Rad1 b5 18. b4 Bxb4 19. Ne4 c5 20. Ng5 Rd8
21. g3 Ng6 22. f4 Bb7 23. f5 Nxe5 24. Ne6 Rd7 25. d4 cxd4 26. Nxd4 Bc5 27. c3 b4
28. Rf4 bxc3 29. Kf1 Ba6+ 30. Kg2 Bb7+ 31. Kf2 c2 32. Re1 Bxd4+ 33. Rxd4 Rxd4
34. Rxe5+ Kf7 35. Rc5 Be4 36. Rxc7+ Kf6 37. Ke3 Ke5 38. f6 Ra4 39. f7 Ra3+ 40.
Kd2 Rxa2 41. f8=Q 1-0

[Event "Challenge"]
[Site "http://www.queenalice.com/game.php?id=391711"]
[Date "2008.4.22"]
[Round "-"]
[White "russanow1"]
[Black "Ponce"]
[Result "0-1"]
[WhiteElo "1492"]
[BlackElo "1659"]

1. e4 Nf6 2. Nc3 e5 3. d4 Nc6 4. f3 exd4 5. Nd5 Nxd5 6. exd5 Ne5 7. Qxd4 d6 8.
f4 Ng6 9. g3 f6 10. Nf3 Qe7+ 11. Be2 b5 12. b4 Bg4 13. Kf2 Bh3 14. Bf1 Bd7 15.
a3 Bf5 16. Ra2 Qe4 17. Qxe4+ Bxe4 18. Bxb5+ Kf7 19. c4 Be7 20. a4 h5 21. a5 h4
22. gxh4 Nxh4 23. Ra3 Nxf3 24. Rxf3 Bxf3 25. Kxf3 f5 26. h3 a6 27. Bc6 Rab8 28.
b5 axb5 29. cxb5 Rbf8 30. Bb2 Rhg8 31. h4 Bf6 32. Bc1 Bd4 33. a6 Bb6 34. h5 Rh8
35. Bb2 Rh7 36. Kg3 Rfh8 37. h6 Rxh6 38. Re1 Rh3+ 39. Kg2 Rh2+ 40. Kg3 Rxb2 41.
Kf3 Rh3# 0-1

[Event "AUTO-INT-749"]
[Site "http://www.queenalice.com/game.php?id=403427"]
[Date "2008.5.15"]
[Round "2"]
[White "SalsaQueen"]
[Black "russanow1"]
[Result "1-0"]
[WhiteElo "1824"]
[BlackElo "1510"]

1. d4 d5 2. Nc3 Nf6 3. Bg5 e6 4. e3 c5 5. Nf3 c4 6. a3 Be7 7. Bxf6 Bxf6 8. b3 b5
9. b4 O-O 10. Nxb5 a6 11. Nc3 Nc6 12. h3 Qd6 13. Be2 a5 14. b5 Ne7 15. a4 Qb4
16. Qd2 Qb2 17. O-O Bxd4 18. exd4 Nf5 19. Rfb1 Qxb1+ 20. Rxb1 h6 21. Qf4 Ra7 22.
g4 1-0

[Event "AUTO-INT-749"]
[Site "http://www.queenalice.com/game.php?id=403428"]
[Date "2008.5.15"]
[Round "2"]
[White "russanow1"]
[Black "SalsaQueen"]
[Result "0-1"]
[WhiteElo "1507"]
[BlackElo "1827"]

1. e4 e5 2. Nf3 d6 3. d4 exd4 4. Nxd4 a6 5. Nc3 c5 6. Nf3 Bg4 7. h3 Bh5 8. g4
Bg6 9. Qd5 Nc6 10. a3 Nge7 11. Qc4 Na5 12. Qa4+ Nac6 13. Nd5 b5 14. Bxb5 axb5
15. Qxb5 Bxe4 16. Nxe7 Bxe7 17. Qb3 Nd4 18. Qc3 Nxf3+ 19. Kf1 Nd4 20. Rg1 Qb6
21. Rg3 Qb5+ 22. Kg1 Ne2+ 0-1

[Event "AUTO-INT-903"]
[Site "http://www.queenalice.com/game.php?id=403664"]
[Date "2008.5.16"]
[Round "1"]
[White "russanow1"]
[Black "grazo"]
[Result "0-1"]
[WhiteElo "1504"]
[BlackElo "1554"]

1. e4 d5 2. e5 f6 3. d4 f5 4. f4 e6 5. Nf3 Bb4+ 6. c3 Ba5 7. b4 Bb6 8. Na3 c6 9.
Be2 a5 10. Qa4 Ra6 11. b5 Ra7 12. h4 Bd7 13. Rb1 c5 14. Be3 c4 15. Nxc4 dxc4 16.
Qxc4 Ne7 17. g3 Nd5 18. Kd2 a4 19. a3 Ba5 20. Rhc1 b6 0-1

[Event "AUTO-INT-903"]
[Site "http://www.queenalice.com/game.php?id=403665"]
[Date "2008.5.16"]
[Round "1"]
[White "grazo"]
[Black "russanow1"]
[Result "1-0"]
[WhiteElo "1568"]
[BlackElo "1467"]

1. c4 Nf6 2. Nc3 c5 3. f4 Nc6 4. e3 d5 5. h3 e5 6. Qf3 e4 7. Qf2 Nb4 8. d3 Bd6
9. a3 Nc6 10. cxd5 Na5 11. Nxe4 Nxe4 12. dxe4 c4 13. Bd2 b6 14. Bxa5 bxa5 15.
Bxc4 Qb6 16. b3 O-O 17. Nf3 f6 18. O-O Re8 19. Nd2 a6 20. Ra2 1-0

[Event "AUTO-INT-903"]
[Site "http://www.queenalice.com/game.php?id=403666"]
[Date "2008.5.16"]
[Round "1"]
[White "russanow1"]
[Black "xavimg"]
[Result "0-1"]
[WhiteElo "1455"]
[BlackElo "1687"]

1. e4 e5 2. Nf3 Nc6 3. d4 exd4 4. Nxd4 Bc5 5. c3 Nf6 6. f3 Nh5 7. g4 Qh4+ 8. Kd2
Nf6 9. Qe1 Qxe1+ 10. Kxe1 Bxd4 11. cxd4 Nxd4 12. Kf2 Nc2 13. b3 Nxa1 14. Na3 a6
15. h4 b5 16. Bd2 b4 17. Bxb4 d6 18. Bc4 Nxb3 19. Bxb3 Nd7 20. h5 Bb7 21. Nc4
Nb6 22. Kg3 Nxc4 23. Bxc4 f6 24. a3 a5 0-1

[Event "AUTO-INT-903"]
[Site "http://www.queenalice.com/game.php?id=403667"]
[Date "2008.5.16"]
[Round "1"]
[White "xavimg"]
[Black "russanow1"]
[Result "1-0"]
[WhiteElo "1644"]
[BlackElo "1483"]

1. e4 e5 2. f4 f6 3. fxe5 fxe5 4. Qh5+ g6 5. Qxe5+ Qe7 6. Qxh8 Qxe4+ 7. Ne2 Qxc2
8. Qxg8 Nc6 9. Nbc3 Ne7 10. Qxh7 b6 11. Nd4 Qxc1+ 12. Rxc1 Bb7 13. Ncb5 c5 14.
Nc7+ Kd8 15. Nxa8 Bxa8 16. Qh8 cxd4 17. Qxf8# 1-0

[Event "AUTO-INT-903"]
[Site "http://www.queenalice.com/game.php?id=403668"]
[Date "2008.5.16"]
[Round "1"]
[White "russanow1"]
[Black "Shortquick"]
[Result "0-1"]
[WhiteElo "1478"]
[BlackElo "1603"]

1. e4 c5 2. Nf3 Nc6 3. d3 d6 4. c4 Nf6 5. Bf4 g6 6. Nc3 Bg7 7. a3 a6 8. Nd5 O-O
9. h3 Nxd5 10. exd5 Nd4 11. Nxd4 Bxd4 12. g4 Bxb2 13. Ra2 Bd4 14. a4 e6 0-1

[Event "AUTO-INT-903"]
[Site "http://www.queenalice.com/game.php?id=403669"]
[Date "2008.5.16"]
[Round "1"]
[White "Shortquick"]
[Black "russanow1"]
[Result "1-0"]
[WhiteElo "1591"]
[BlackElo "1490"]

1. d4 d5 2. c4 c6 3. Nf3 Nf6 4. Nc3 e6 5. cxd5 cxd5 6. Bg5 Nc6 7. e3 Bb4 8. Bd3
a5 9. a3 Bxc3+ 10. bxc3 h6 11. Bh4 g5 12. Bg3 g4 13. Nd2 h5 14. Bh4 1-0